01138nab a22001937a 4500003000400000005001700004008004100021040000700062100002600069245019700095260007300292300001300365500003500378505025700413505008100670650001800751700002100769773015400790OSt20260202133259.0190429b xxu||||| |||| 00| 0 spa d cPJ aCartolano, Mariano J.10a"Ni santas, ni pecadoras" : bdéficits de género en la imputación a la mujer del homicidio agravado por el vínculo en comisión por omisión /cMariano J. Cartolano, Nerea L. Riolfo. cCiudad Autónoma de Buenos Aires :aThomson Reuters La Ley, b2023. ap. 83-94 aCita Online: AR/DOC/2386/2023. aSumario: I. Introducción.— II. La omisión impropia o "comisión por omisión": elementos estructurales.— III. Problemática en torno al principio de legalidad.— IV. La determinación de la posición de garante.— V. Análisis del caso. tSi te interesa el texto completo, solicitalo a koha@justierradelfuego.gov.ar 0aDERECHO PENAL aRiolfo, Nerea L.0 02658tRevista de derecho penal y criminología. Nº 10 - Noviembre 2023dCiudad Autónoma de Buenos Aires : Thomson Reuters La Ley, 2017-x00347914